The evolving self : (Record no. 14063)
[ view plain ]
| 000 -LEADER | |
|---|---|
| fixed length control field | 00886pam a2200289 a 4500 |
| 001 - CONTROL NUMBER | |
| JCCL Control Number | 14063 |
| 003 - CONTROL NUMBER IDENTIFIER | |
| JCCL marc code | BD-JhCC |
| 005 - DATE AND TIME OF LATEST TRANSACTION | |
| control field | 20240912124518.0 |
| 008 - FIXED-LENGTH DATA ELEMENTS--GENERAL INFORMATION | |
| fixed length control field | 921223s1993 nyu b 001 0 eng |
| 020 ## - INTERNATIONAL STANDARD BOOK NUMBER | |
| International Standard Book Number | 0060166770 (hard) : |
| Terms of availability | $25.00 (Canada $33.50) |
| 035 ## - SYSTEM CONTROL NUMBER | |
| system control number | (BD-JhCC)14063 |
| 040 ## - CATALOGING SOURCE | |
| Original cataloging agency | DLC |
| Transcribing agency | DLC |
| Modifying agency | DLC |
| 041 ## - LANGUAGE CODE | |
| Language code of Book | english |
| 050 00 - LIBRARY OF CONGRESS CALL NUMBER | |
| Classification number | BF701 |
| Item number | C676 1993 |
| 082 00 - DEWEY DECIMAL CLASSIFICATION NUMBER | |
| Classification number | 155.7 |
| DDC Edition number | 20 |
| Author mark and Year | CSI 1994 |
| 100 1# - MAIN ENTRY--PERSONAL NAME | |
| Personal name | Csikszentmihalyi, Mihaly. |
| 245 14 - TITLE STATEMENT | |
| Title | The evolving self : |
| Remainder of title | A psychology for the third millennium / |
| Statement of responsibility, etc | Mihaly Csikszentmihalyi. |
| 250 ## - EDITION STATEMENT | |
| Edition statement | 1st ed. |
| 260 ## - PUBLICATION, DISTRIBUTION, ETC. (IMPRINT) | |
| Place of publication, distribution, etc | New York : |
| Name of publisher, distributor, etc | HarperCollins Publishers; |
| Date of publication, distribution, etc | 1994. |
| 300 ## - PHYSICAL DESCRIPTION | |
| Pagination | xviii, 358 p. ; |
| Dimensions | 24 cm. |
| 504 ## - BIBLIOGRAPHY, ETC. NOTE | |
| Bibliography, etc | Includes bibliographical references (p. [335]-350) and index. |
| 650 #0 - SUBJECT ADDED ENTRY--TOPICAL TERM | |
| Topical term or geographic name as entry element | Genetic psychology. |
| 650 #0 - SUBJECT ADDED ENTRY--TOPICAL TERM | |
| Topical term or geographic name as entry element | Behavior evolution. |
| 650 #0 - SUBJECT ADDED ENTRY--TOPICAL TERM | |
| Topical term or geographic name as entry element | Social evolution. |
| 942 ## - ADDED ENTRY ELEMENTS (KOHA) | |
| Source of classification or shelving scheme | Dewey Decimal Classification |
| Koha item type | Books |
| Source of classification or shelving scheme | Damaged status | Not for loan | Home library | Current library | Shelving location | Date of accession | Source of acquisition | Cost, normal purchase price | Total Checkouts | Full call number | Barcode | Date last seen | Date checked out | Copy number | Method of acquisition | Koha item type | Currency |
|---|---|---|---|---|---|---|---|---|---|---|---|---|---|---|---|---|---|
| Dewey Decimal Classification | JCC Rouf Library | JCC Rouf Library | General Stacks | 09/12/2024 | With the Compliments Of Shahriar Imtiaz Rahman 27/1483/K | 1105.00 | 4 | 155.7 CSI 1994 | 19673 | 02/07/2026 | 01/28/2026 | C-1 | Gift/Donation | Books | BDT |